[Event "Creon MI"]
[Site "créon"]
[Date "2010.07.26"]
[Round "1"]
[White "Lagarde, Maxime"]
[Black "Jaureguiberry, Cedric"]
[Result "1-0"]
[WhiteElo "2414"]
[BlackElo "2150"]
[PlyCount "103"]
[EventDate "2010.??.??"]

1. e4 d6 2. d4 Nf6 3. Nc3 g6 4. f4 Bg7 5. Nf3 O-O 6. Be3 b6 7. Qd2 Bb7 8. e5
Ng4 9. O-O-O dxe5 10. fxe5 c5 11. d5 Nxe5 12. Nxe5 Bxe5 13. h4 Nd7 14. h5 Nf6
15. Bc4 b5 16. Nxb5 Qb6 17. Rh4 a6 18. Nc3 Rab8 19. Bb3 Qd6 20. Rdh1 c4 21.
Rxc4 Bxc3 22. Rxc3 Ne4 23. Qd4 Nxc3 24. bxc3 g5 25. Bxg5 f6 26. Bf4 e5 27. dxe6
Qxd4 28. e7+ Qd5 29. exf8=Q+ Rxf8 30. Bxd5+ Bxd5 31. a3 Kf7 32. Rd1 Ke6 33. g3
Rc8 34. Rd3 Rc6 35. Kd2 Rc4 36. Rd4 Rc6 37. Kd3 Bg2 38. c4 Bf1+ 39. Kc3 Ke7 40.
Kb4 Ke6 41. a4 Rb6+ 42. Kc5 Rb2 43. c3 Rc2 44. Kb4 Rb2+ 45. Ka5 Rb3 46. Kxa6
Rxc3 47. Kb5 Rb3+ 48. Kc5 Ra3 49. Kb4 Ra2 50. h6 Rb2+ 51. Kc3 Ra2 52. c5 1-0

[Event "Creon MI"]
[Site "créon"]
[Date "2010.07.26"]
[Round "1"]
[White "Favarel, Antoine"]
[Black "Sanduleac, Vasile"]
[Result "1-0"]
[WhiteElo "2244"]
[BlackElo "2451"]
[PlyCount "63"]
[EventDate "2010.??.??"]

1. e4 g6 2. d4 Bg7 3. Nc3 c6 4. Nf3 d6 5. Be2 Nf6 6. O-O O-O 7. a4 Nbd7 8. h3
Qc7 9. Be3 b6 10. Qd3 a6 11. Rfd1 Bb7 12. Qc4 Nxe4 13. Nxe4 d5 14. Qd3 dxe4 15.
Qxe4 c5 16. Qh4 cxd4 17. Bxd4 e5 18. Bc3 Nc5 19. a5 b5 20. Bb4 Rac8 21. Rd2 h6
22. Rad1 e4 23. Nh2 g5 24. Qh5 e3 25. fxe3 Ne4 26. Rd7 Qg3 27. Qf3 Bc6 28. Bxf8
Rxf8 29. Re7 Qb8 30. Bd3 Nc3 31. Qf5 Be4 32. Bxe4 1-0

[Event "Creon MI"]
[Site "créon"]
[Date "2010.07.26"]
[Round "1"]
[White "Martin Alvarez, Inigo"]
[Black "Jolly, Jean-Francois"]
[Result "0-1"]
[WhiteElo "2321"]
[BlackElo "2411"]
[PlyCount "78"]
[EventDate "2010.??.??"]

1. e4 e5 2. Nf3 Nc6 3. Bb5 Nf6 4. O-O Nxe4 5. d4 Nd6 6. Bxc6 dxc6 7. dxe5 Nf5
8. Qxd8+ Kxd8 9. Nc3 h6 10. h3 Ne7 11. Re1 Ng6 12. Ne4 Bd7 13. Ng3 c5 14. Nh5
Be6 15. Nd2 Nh4 16. f4 Kc8 17. Kf2 Nf5 18. Nf1 c4 19. c3 Bc5+ 20. Ne3 Rd8 21.
g4 Nxe3 22. Bxe3 Rd2+ 23. Re2 Bxe3+ 24. Kxe3 Rd3+ 25. Kf2 Rxh3 26. f5 Bxf5 27.
Nxg7 Rh2+ 28. Ke3 Rxe2+ 29. Kxe2 Bxg4+ 30. Ke3 Kd7 31. Kf4 Rg8 32. Nf5 Bxf5 33.
Kxf5 Rg2 34. b3 Rc2 35. bxc4 Rxc3 36. Rh1 Rxc4 37. Rxh6 Rc6 38. Rh8 a5 39. Rg8
Ke7 0-1

[Event "Creon MI"]
[Site "créon"]
[Date "2010.07.26"]
[Round "1"]
[White "Inkiov, Ventzislav"]
[Black "Mohota, Nisha"]
[Result "1-0"]
[WhiteElo "2474"]
[BlackElo "2295"]
[PlyCount "107"]
[EventDate "2010.??.??"]

1. e4 e5 2. Nf3 Nc6 3. Bc4 Nf6 4. d3 Bc5 5. Nc3 d6 6. Bg5 h6 7. Bxf6 Qxf6 8.
Nd5 Qd8 9. c3 Bb6 10. a4 Na5 11. Ba2 c5 12. b4 cxb4 13. cxb4 Nc6 14. a5 Bd4 15.
Nxd4 Nxd4 16. O-O O-O 17. f4 exf4 18. Rxf4 Be6 19. Qd2 Rc8 20. Qf2 Nc6 21. Rf1
Kh8 22. Qg3 Nd4 23. R4f2 b6 24. Bc4 bxa5 25. bxa5 Qxa5 26. Qxd6 Qc5 27. Qxc5
Rxc5 28. Ra1 a5 29. Nf4 Bxc4 30. Ng6+ fxg6 31. Rxf8+ Bg8 32. Rb1 Rb5 33. Rxb5
Nxb5 34. Ra8 Nd4 35. Rxa5 Bb3 36. Ra8+ Kh7 37. Kf2 g5 38. Ke3 Ne6 39. Ra3 Bd1
40. d4 Kg6 41. d5 Nf8 42. Kd4 Bg4 43. h3 Bd7 44. Rf3 Nh7 45. g4 h5 46. gxh5+
Kxh5 47. e5 g4 48. hxg4+ Bxg4 49. Rf4 g5 50. Rf7 Kg6 51. e6 Bh3 52. Ke5 g4 53.
Rxh7 Kxh7 54. e7 1-0

[Event "Creon MI"]
[Site "créon"]
[Date "2010.07.26"]
[Round "1"]
[White "Song, Julien"]
[Black "Fomichenko, Eduard"]
[Result "1/2-1/2"]
[WhiteElo "2347"]
[BlackElo "2458"]
[PlyCount "81"]
[EventDate "2010.??.??"]

1. d4 d5 2. c4 e6 3. Nf3 Nf6 4. Bg5 Be7 5. Nc3 h6 6. Bxf6 Bxf6 7. e3 O-O 8. Qd2
c6 9. h4 Re8 10. g4 e5 11. dxe5 Bxe5 12. Nxe5 Rxe5 13. Be2 Na6 14. O-O-O Nc7
15. g5 h5 16. Bxh5 Bf5 17. Be2 Qe7 18. h5 dxc4 19. g6 b5 20. gxf7+ Kxf7 21. e4
Rxe4 22. Bf3 Re5 23. Qf4 Kg8 24. h6 g6 25. h7+ Kh8 26. Bxc6 Rf8 27. Qd4 Qg7 28.
f4 Re7 29. Qxg7+ Rxg7 30. Nxb5 Bd3 31. Nxc7 Rxc7 32. Ba4 Rxh7 33. Rxh7+ Kxh7
34. Bc2 Bxc2 35. Kxc2 Rxf4 36. Rd7+ Kh6 37. Rxa7 g5 38. Ra8 g4 39. Rg8 Kh5 40.
a4 Rf3 41. a5 1/2-1/2

[Event "Creon MI"]
[Site "Créon"]
[Date "2010.07.27"]
[Round "2"]
[White "Jaureguiberry, Cedric"]
[Black "Song, Julien"]
[Result "0-1"]
[WhiteElo "2150"]
[BlackElo "2347"]
[PlyCount "34"]
[EventDate "2010.??.??"]

1. e4 e6 2. d4 d5 3. Nc3 Nf6 4. e5 Nfd7 5. f4 c5 6. Nf3 Be7 7. Be3 O-O 8. Qd2
f6 9. O-O-O c4 10. f5 Nb6 11. fxe6 Bxe6 12. Be2 Nc6 13. Kb1 Bb4 14. exf6 Na4
15. fxg7 Re8 16. Ka1 Qa5 17. Nxd5 Bxd5 0-1

[Event "Creon MI"]
[Site "Créon"]
[Date "2010.07.27"]
[Round "2"]
[White "Jolly, Jean-Francois"]
[Black "Fomichenko, Eduard"]
[Result "0-1"]
[WhiteElo "2411"]
[BlackElo "2458"]
[PlyCount "80"]
[EventDate "2010.??.??"]

1. e4 c5 2. Nf3 e6 3. d4 cxd4 4. Nxd4 a6 5. Be2 Nf6 6. Nc3 Qc7 7. O-O Nc6 8.
Be3 Be7 9. f4 d6 10. a4 O-O 11. Kh1 Bd7 12. Nb3 b6 13. Bf3 Rad8 14. Qe1 Bc8 15.
Qg3 Kh8 16. Rae1 Nb4 17. Re2 Nd7 18. Bd4 e5 19. Nd5 Nxd5 20. exd5 a5 21. Rfe1
Bf6 22. fxe5 Bxe5 23. Qh4 f5 24. Qf2 Ba6 25. Re3 Rc8 26. Rc3 Qd8 27. Rc6 Bb7
28. c3 Bxc6 29. dxc6 Nc5 30. Bxe5 dxe5 31. Nxc5 bxc5 32. Rxe5 Qb6 33. Re7 Rfe8
34. Rb7 Qd8 35. h3 Qd6 36. Rd7 Qf4 37. Rd2 Qxa4 38. Rd1 Rxc6 39. Bxc6 Qxd1+ 40.
Kh2 Qd6+ 0-1

[Event "Creon MI"]
[Site "Créon"]
[Date "2010.07.27"]
[Round "2"]
[White "Mohota, Nisha"]
[Black "Lagarde, Maxime"]
[Result "1/2-1/2"]
[WhiteElo "2295"]
[BlackElo "2414"]
[PlyCount "63"]
[EventDate "2010.??.??"]

1. d4 Nf6 2. c4 g6 3. g3 Bg7 4. Bg2 d5 5. cxd5 Nxd5 6. e4 Nb6 7. Ne2 O-O 8. O-O
Nc6 9. d5 Na5 10. Nbc3 c6 11. b3 cxd5 12. exd5 Bg4 13. Bd2 e6 14. dxe6 Bxe6 15.
Rc1 Nc6 16. Be3 Qe7 17. Ne4 Rfd8 18. Qe1 Nd5 19. Bc5 Qc7 20. Nd4 Nf4 21. Nb5
Nxg2 22. Nxc7 Nxe1 23. Rfxe1 Rab8 24. Nxe6 fxe6 25. Red1 Rd5 26. Nd6 Bd4 27.
Ne4 Bb2 28. Rb1 Bg7 29. Kg2 Rbd8 30. Re1 h6 31. Re2 Kf7 32. Rc1 1/2-1/2

[Event "Creon MI"]
[Site "Créon"]
[Date "2010.07.27"]
[Round "1"]
[White "Martin Alvarez, Inigo"]
[Black "Favarel, Antoine"]
[Result "0-1"]
[WhiteElo "2321"]
[BlackElo "2244"]
[PlyCount "41"]
[EventDate "2010.??.??"]

1. e4 c6 2. Nc3 d5 3. f4 g6 4. Nf3 Bg7 5. d4 Bg4 6. exd5 cxd5 7. h3 Bxf3 8.
Qxf3 e6 9. Be3 Nc6 10. O-O-O Qb6 11. g4 Nge7 12. Rg1 O-O-O 13. Kb1 Kb8 14. f5
exf5 15. gxf5 Nxf5 16. Bg5 Bxd4 17. Bxd8 Rxd8 18. Rxd4 Qxd4 19. Rg4 Qd2 20. a3
Ka8 21. Bd3 0-1

[Event "Creon MI"]
[Site "Créon"]
[Date "2010.07.27"]
[Round "2"]
[White "Sanduleac, Vasile"]
[Black "Inkiov, Ventzislav"]
[Result "1/2-1/2"]
[WhiteElo "2451"]
[BlackElo "2474"]
[PlyCount "42"]
[EventDate "2010.??.??"]

1. e4 c5 2. Nf3 e6 3. c3 d5 4. exd5 exd5 5. d4 Nc6 6. Be2 Nf6 7. O-O c4 8. b3
cxb3 9. axb3 Bd6 10. Ba3 O-O 11. Ne5 Bxa3 12. Nxc6 bxc6 13. Rxa3 Bf5 14. Bd3
Bxd3 15. Qxd3 a5 16. Nd2 Qb6 17. Raa1 Rfe8 18. Rfe1 h6 19. h3 Rxe1+ 20. Rxe1
Re8 21. Rxe8+ Nxe8 1/2-1/2

[Event "Creon MI"]
[Site "Creon (FRA)"]
[Date "2010.07.27"]
[Round "3"]
[White "Favarel, Antoine"]
[Black "Jolly, Jean-Francois"]
[Result "1/2-1/2"]
[WhiteElo "2244"]
[BlackElo "2411"]
[PlyCount "79"]
[EventDate "2010.??.??"]

1. e4 c5 2. Nf3 e6 3. c3 Nf6 4. e5 Nd5 5. d4 cxd4 6. cxd4 b6 7. Bc4 Bb7 8. Bxd5
Bxd5 9. O-O Qc7 10. Nc3 Qb7 11. Nxd5 Qxd5 12. Be3 Nc6 13. Ne1 d6 14. exd6 Bxd6
15. Qf3 Qxf3 16. Nxf3 O-O-O 17. Rac1 Kb7 18. Rc3 Nb4 19. a3 Nd5 20. Rc2 h6 21.
Rfc1 Rd7 22. Ne5 Bxe5 23. dxe5 Rhd8 24. Kf1 Nxe3+ 25. fxe3 Rd1+ 26. Ke2 Rxc1
27. Rxc1 Rd7 28. e4 Ka6 29. g4 Kb5 30. b3 Ka6 31. h4 Kb7 32. Ke3 a5 33. h5 a4
34. bxa4 Ka6 35. Rc8 Rd1 36. Ra8+ Kb7 37. Rg8 Re1+ 38. Kf3 Ka6 39. Kf4 Rf1+ 40.
Ke3 1/2-1/2

[Event "Creon MI"]
[Site "Creon (FRA)"]
[Date "2010.07.27"]
[Round "3"]
[White "Inkiov, Ventzislav"]
[Black "Martin Alvarez, Inigo"]
[Result "1-0"]
[WhiteElo "2474"]
[BlackElo "2321"]
[PlyCount "35"]
[EventDate "2010.??.??"]

1. e4 g6 2. d4 Bg7 3. Nc3 d6 4. h4 h6 5. h5 g5 6. f4 gxf4 7. Bxf4 a6 8. Nf3 b5
9. Bd3 Bg4 10. e5 Nd7 11. Be4 Rb8 12. O-O dxe5 13. dxe5 Bxe5 14. Nxe5 Bxd1 15.
Rfxd1 Ngf6 16. Bc6 O-O 17. Nxd7 Nxd7 18. Rxd7 1-0

[Event "Creon MI"]
[Site "Creon (FRA)"]
[Date "2010.07.27"]
[Round "3"]
[White "Lagarde, Maxime"]
[Black "Sanduleac, Vasile"]
[Result "1/2-1/2"]
[WhiteElo "2414"]
[BlackElo "2451"]
[PlyCount "42"]
[EventDate "2010.??.??"]

1. e4 g6 2. d4 Bg7 3. Nc3 c6 4. f4 d5 5. e5 Nh6 6. Be3 Qb6 7. Na4 Qa5+ 8. c3
Nd7 9. Nf3 b5 10. Nc5 Nxc5 11. dxc5 Bg4 12. Be2 Bxf3 13. Bxf3 O-O 14. O-O b4
15. c4 Nf5 16. Bf2 d4 17. g4 Ne3 18. Bxe3 dxe3 19. Qd4 e2 20. Bxe2 Rfd8 21. Qe3
e6 1/2-1/2

[Event "Creon MI"]
[Site "Creon (FRA)"]
[Date "2010.07.27"]
[Round "3"]
[White "Song, Julien"]
[Black "Mohota, Nisha"]
[Result "1/2-1/2"]
[WhiteElo "2347"]
[BlackElo "2295"]
[PlyCount "83"]
[EventDate "2010.??.??"]

1. d4 d5 2. Nf3 e6 3. c4 a6 4. cxd5 exd5 5. Nc3 c6 6. Bg5 Be7 7. Bxe7 Qxe7 8.
Qc2 Nf6 9. e3 O-O 10. Bd3 c5 11. dxc5 Qxc5 12. O-O Nc6 13. Ne4 Nxe4 14. Bxe4
Qxc2 15. Bxc2 Bg4 16. Nd4 Nxd4 17. exd4 Rac8 18. Bd3 Rc6 19. h3 Bd7 20. Rfc1
Rfc8 21. Rxc6 Rxc6 22. Rd1 Kf8 23. f3 g6 24. Kf2 Rb6 25. Rd2 Bb5 26. Bc2 Bc4
27. b3 Bb5 28. Bd1 Rf6 29. Rc2 Bc6 30. Rc5 Ke7 31. b4 b6 32. Rc3 Kd7 33. a4 Re6
34. Bb3 Kd6 35. Bc2 Re7 36. h4 f5 37. Re3 f4 38. Rxe7 Kxe7 39. Kg1 Kf6 40. Kf2
a5 41. b5 Bd7 42. Bb3 1/2-1/2

[Event "Creon MI"]
[Site "Creon (FRA)"]
[Date "2010.07.27"]
[Round "3"]
[White "Fomichenko, Eduard"]
[Black "Jaureguiberry, Cedric"]
[Result "1/2-1/2"]
[WhiteElo "2458"]
[BlackElo "2150"]
[PlyCount "64"]
[EventDate "2010.??.??"]

1. Nf3 Nf6 2. c4 g6 3. Nc3 Bg7 4. e4 d6 5. d4 O-O 6. Be2 e5 7. O-O Nc6 8. d5
Ne7 9. b4 a5 10. Ba3 Nh5 11. Re1 f5 12. Ng5 Nf4 13. Bf3 Nexd5 14. Nxd5 Qxg5 15.
Nxf4 fxe4 16. Qd5+ Kh8 17. Rxe4 Rxf4 18. Bc1 c6 19. Qxd6 Qf6 20. Qxf6 Rxf6 21.
Bb2 axb4 22. c5 Rf4 23. Rxe5 Rf8 24. Re2 b3 25. Bxg7+ Kxg7 26. h3 Bxh3 27. Re3
Rxa2 28. Rb1 Bc8 29. Rbxb3 g5 30. Re7+ Rf7 31. Re8 Rf8 32. Re7+ Rf7 1/2-1/2

[Event "Creon MI"]
[Site "Creon (FRA)"]
[Date "2010.07.28"]
[Round "4"]
[White "Jolly, Jean-Francois"]
[Black "Jaureguiberry, Cedric"]
[Result "0-1"]
[WhiteElo "2411"]
[BlackElo "2150"]
[PlyCount "52"]
[EventDate "2010.??.??"]

1. d4 Nf6 2. c4 g6 3. Nc3 Bg7 4. e4 d6 5. Nf3 O-O 6. Be2 e5 7. O-O Nc6 8. d5
Ne7 9. b4 a5 10. Ba3 Nh5 11. Re1 Nf4 12. Bf1 f5 13. Nd2 fxe4 14. Ndxe4 Nf5 15.
c5 Rf7 16. cxd6 cxd6 17. Nb5 Bf8 18. bxa5 Rxa5 19. Bb4 Rxb5 20. Bxb5 Nd4 21.
Bc4 Nxg2 22. Kxg2 Qh4 23. Qd3 Rf3 24. Re3 Bg4 25. Kf1 Qxh2 26. Ke1 Rxe3+ 0-1

[Event "Creon MI"]
[Site "Creon (FRA)"]
[Date "2010.07.28"]
[Round "4"]
[White "Mohota, Nisha"]
[Black "Fomichenko, Eduard"]
[Result "1/2-1/2"]
[WhiteElo "2295"]
[BlackElo "2458"]
[PlyCount "120"]
[EventDate "2010.??.??"]

1. d4 d5 2. c4 e6 3. Nc3 Be7 4. cxd5 exd5 5. Bf4 c6 6. Qc2 Bd6 7. Bxd6 Qxd6 8.
e3 Ne7 9. Bd3 g6 10. Nge2 Bf5 11. Bxf5 Nxf5 12. e4 dxe4 13. Nxe4 Qe7 14. O-O
O-O 15. Rfe1 Na6 16. N4g3 Nxg3 17. Nxg3 Qd8 18. Ne4 Nc7 19. Qd2 Nd5 20. Qh6 Nf6
21. Nxf6+ Qxf6 22. Re4 Rae8 23. Rae1 Re6 24. Rxe6 fxe6 25. Qe3 Rd8 26. Qb3 Qf7
27. Rxe6 Rxd4 28. g3 Rd5 29. Qe3 Qd7 30. Re8+ Kf7 31. Re4 b6 32. Kg2 c5 33. Rh4
Kg8 34. Re4 Rf5 35. g4 Rf8 36. a3 Qd5 37. Kg3 Qd6+ 38. Kg2 Qf6 39. Qe2 b5 40.
h3 c4 41. Re7 Qc6+ 42. Qe4 Qxe4+ 43. Rxe4 Rc8 44. Re7 a5 45. Rb7 Rc5 46. Kf1 a4
47. Ke2 c3 48. bxc3 Rxc3 49. Rxb5 Rxh3 50. f3 Rh2+ 51. Ke3 Ra2 52. Kf4 Rxa3 53.
Rb8+ Kf7 54. Rb7+ Kf6 55. Rb6+ Kf7 56. Rb7+ Ke6 57. Rxh7 Rb3 58. Ra7 a3 59. Kg5
Rxf3 60. Kxg6 Kd5 1/2-1/2

[Event "Creon MI"]
[Site "Creon (FRA)"]
[Date "2010.07.28"]
[Round "4"]
[White "Sanduleac, Vasile"]
[Black "Song, Julien"]
[Result "1/2-1/2"]
[WhiteElo "2451"]
[BlackElo "2347"]
[PlyCount "158"]
[EventDate "2010.??.??"]

1. e4 e6 2. Qe2 c5 3. Nf3 Nc6 4. g3 g6 5. Bg2 Bg7 6. c3 d6 7. O-O Nge7 8. d3
O-O 9. a3 e5 10. b4 h6 11. Nbd2 Be6 12. Rb1 Qd7 13. b5 Nd8 14. Nc4 f5 15. exf5
Nxf5 16. Nfd2 Nf7 17. Ne3 d5 18. c4 Nd4 19. Qd1 dxc4 20. dxc4 Ng5 21. g4 Rad8
22. h4 Ndf3+ 23. Nxf3 Qxd1 24. Rxd1 Rxd1+ 25. Nxd1 Nxf3+ 26. Bxf3 Rxf3 27. Ne3
Rf4 28. Rb3 Bxc4 29. Rc3 Bxb5 30. Rxc5 Bc6 31. Bb2 Re4 32. Kf1 Kf7 33. Ke2 Ke6
34. Rc1 Bf6 35. g5 hxg5 36. hxg5 Bxg5 37. Kd3 Bxe3 38. fxe3 Rg4 39. Rc5 Rg5 40.
Rc2 Rg2 41. Rxg2 Bxg2 42. e4 g5 43. Bc1 g4 44. Be3 a6 45. Bf2 Bf1+ 46. Kc3 b5
47. Be1 Kd6 48. Kd2 Bc4 49. Ke3 Ba2 50. Bb4+ Ke6 51. Be1 Bb1 52. Bc3 Kf6 53.
Be1 Kg5 54. Bg3 Kf6 55. Bh4+ Ke6 56. Be1 Bc2 57. Bc3 g3 58. Kf3 Bxe4+ 59. Kxg3
Kd5 60. Kf2 Bb1 61. Ke3 e4 62. Bb4 Kc4 63. Kd2 Kb3 64. Bd6 Bd3 65. Be7 a5 66.
Bd6 b4 67. axb4 axb4 68. Bc5 Kc4 69. Be7 Kb3 70. Bc5 Ka4 71. Bd4 Kb5 72. Bf6
Kc4 73. Be7 b3 74. Bf6 Kb4 75. Bb2 Kc4 76. Ke3 Bc2 77. Kd2 Kb4 78. Ke3 Kc4 79.
Kd2 Kb4 1/2-1/2

[Event "Creon MI"]
[Site "Creon (FRA)"]
[Date "2010.07.28"]
[Round "4"]
[White "Martin Alvarez, Inigo"]
[Black "Lagarde, Maxime"]
[Result "0-1"]
[WhiteElo "2321"]
[BlackElo "2414"]
[PlyCount "72"]
[EventDate "2010.??.??"]

1. e4 c5 2. Nf3 Nc6 3. d4 cxd4 4. Nxd4 Nf6 5. Nc3 d6 6. Bg5 e6 7. Qd2 a6 8.
O-O-O Bd7 9. f3 Be7 10. h4 h6 11. Be3 h5 12. Kb1 b5 13. Nxc6 Bxc6 14. Ne2 Bb7
15. Nd4 Nd7 16. c4 O-O 17. Nb3 b4 18. Bf4 Nc5 19. Bxd6 Nxb3 20. axb3 Bxd6 21.
Qxd6 Qa5 22. Be2 Rfc8 23. Qe7 Bc6 24. Qg5 Qc7 25. e5 a5 26. Rh3 a4 27. Rg3 g6
28. Bd3 Be8 29. bxa4 b3 30. Qf6 Rxa4 31. Bxg6 fxg6 32. Qxe6+ Kh7 33. f4 Rxc4
34. Rxb3 Bf7 35. Rd7 Rc1+ 36. Ka2 Qxd7 0-1

[Event "Creon MI"]
[Site "Creon (FRA)"]
[Date "2010.07.28"]
[Round "4"]
[White "Favarel, Antoine"]
[Black "Inkiov, Ventzislav"]
[Result "0-1"]
[WhiteElo "2244"]
[BlackElo "2474"]
[PlyCount "66"]
[EventDate "2010.??.??"]

1. e4 e5 2. Nf3 Nc6 3. Bb5 f5 4. d3 fxe4 5. dxe4 Nf6 6. O-O Bc5 7. Nc3 d6 8.
Qd3 Bd7 9. Na4 Bb6 10. Nxb6 axb6 11. Bg5 O-O 12. Nd2 Kh8 13. c3 Qe8 14. f3 Nh5
15. Kh1 Qg6 16. Be3 Nf4 17. Bxf4 Rxf4 18. Rfd1 Qh6 19. Nf1 g5 20. Qe3 Raf8 21.
Be2 g4 22. g3 gxf3 23. Bxf3 R4f6 24. Qxh6 Rxh6 25. Nd2 Bh3 26. Re1 Nd8 27. Kg1
Rhf6 28. Kf2 Ne6 29. Ke3 Ng5 30. Be2 Rf2 31. Nf3 R2xf3+ 32. Bxf3 Rxf3+ 33. Ke2
Bg4 0-1

[Event "Creon MI"]
[Site "Créon"]
[Date "2010.07.29"]
[Round "5"]
[White "Song, Julien"]
[Black "Martin Alvarez, Inigo"]
[Result "0-1"]
[WhiteElo "2347"]
[BlackElo "2321"]
[PlyCount "76"]
[EventDate "2010.??.??"]

1. d4 g6 2. c4 Bg7 3. Nf3 d6 4. Nc3 e5 5. dxe5 dxe5 6. Qxd8+ Kxd8 7. Bd2 Be6 8.
O-O-O Nd7 9. Ng5 Bxc4 10. e4 Be6 11. Nxe6+ fxe6 12. Bc4 Ke7 13. Nb5 Bh6 14.
Bxe6 Nc5 15. Bc4 c6 16. Nd6 b5 17. b4 Na4 18. Bb3 Bxd2+ 19. Rxd2 Nf6 20. Nf7
Nxe4 21. Re2 Nac3 22. Re3 Rhf8 23. Nxe5 Rxf2 24. Rhe1 Kd6 25. Nf7+ Kc7 26. Rxe4
Nxe4 27. Rxe4 Rxg2 28. Re7+ Kb6 29. h3 a5 30. bxa5+ Kxa5 31. Nd6 Rf8 32. Nf7 c5
33. Bd5 Rh2 34. a3 Rxh3 35. Ra7+ Kb6 36. Rb7+ Ka6 37. Bc6 Rc8 38. Ne5 Rxc6 0-1

[Event "Creon MI"]
[Site "Créon"]
[Date "2010.07.29"]
[Round "5"]
[White "Jaureguiberry, Cedric"]
[Black "Mohota, Nisha"]
[Result "0-1"]
[WhiteElo "2150"]
[BlackElo "2285"]
[PlyCount "58"]
[EventDate "2010.??.??"]

1. e4 e5 2. Nf3 Nc6 3. d4 exd4 4. Nxd4 Nf6 5. Nxc6 bxc6 6. e5 Qe7 7. Qe2 Nd5 8.
c4 Nb6 9. g3 Qe6 10. b3 a5 11. Bb2 a4 12. Bc3 axb3 13. axb3 Rxa1 14. Bxa1 Bb4+
15. Bc3 Qf5 16. Qd3 Qxe5+ 17. Be2 Bxc3+ 18. Nxc3 d5 19. f4 Qe7 20. O-O O-O 21.
f5 Re8 22. Rf2 Qc5 23. f6 g6 24. Kg2 Bh3+ 25. Kg1 Nd7 26. Nd1 Nxf6 27. Qf3 Qd4
28. g4 Qxg4+ 29. Qxg4 Nxg4 0-1

[Event "Creon MI"]
[Site "Créon"]
[Date "2010.07.29"]
[Round "5"]
[White "Inkiov, Ventzislav"]
[Black "Jolly, Jean-Francois"]
[Result "1-0"]
[WhiteElo "2474"]
[BlackElo "2411"]
[PlyCount "87"]
[EventDate "2010.??.??"]

1. d4 Nf6 2. c4 c5 3. d5 b5 4. Nf3 Bb7 5. a4 Qa5+ 6. Bd2 b4 7. Qc2 g6 8. e4 d6
9. Be2 Bg7 10. O-O O-O 11. Bg5 e5 12. Nbd2 h6 13. Bh4 Nh5 14. Be7 Re8 15. Bxd6
Nd7 16. Nxe5 Nxe5 17. Bxh5 gxh5 18. Bxe5 Bxe5 19. f4 Bg7 20. e5 Bc8 21. Ne4 Qb6
22. Nd6 b3 23. Qd3 Rd8 24. Nxc8 Raxc8 25. Rf3 Rb8 26. Rg3 Kh8 27. Qf5 Qb4 28.
Rc3 h4 29. Qh5 Qb6 30. Qxh4 f6 31. e6 f5 32. Rg3 Rf8 33. Re1 Qb4 34. Rxg7 Kxg7
35. e7 Qxc4 36. exf8=Q+ Rxf8 37. Qe7+ Rf7 38. Qe5+ Kg8 39. h3 Qxa4 40. Kh1 Qd4
41. d6 a5 42. Qe8+ Rf8 43. d7 a4 44. Qg6+ 1-0

[Event "Creon MI"]
[Site "Créon"]
[Date "2010.07.29"]
[Round "5"]
[White "Lagarde, Maxime"]
[Black "Favarel, Antoine"]
[Result "1-0"]
[WhiteElo "2414"]
[BlackElo "2244"]
[PlyCount "67"]
[EventDate "2010.??.??"]

1. e4 c6 2. d4 d5 3. e5 Bf5 4. Nf3 e6 5. a3 Nd7 6. Nbd2 h6 7. Be2 Ne7 8. b3 Ng6
9. Nf1 c5 10. Ng3 Bg4 11. c3 Be7 12. O-O O-O 13. h3 Bxf3 14. Bxf3 Bg5 15. Bg4
Bxc1 16. Rxc1 Nh4 17. f4 g6 18. c4 dxc4 19. Rxc4 b5 20. Rxc5 Nxc5 21. dxc5 Qc8
22. Ne4 Rd8 23. Qe1 Nf5 24. b4 Rd3 25. Nd6 Qa6 26. Qe4 Rd5 27. Bxf5 gxf5 28.
Nxf5 Qb7 29. Nxh6+ Kg7 30. f5 Rh8 31. fxe6 Kxh6 32. Qh4+ Kg7 33. Qf6+ Kh7 34.
Rf5 1-0

[Event "Creon MI"]
[Site "Créon"]
[Date "2010.07.29"]
[Round "5"]
[White "Fomichenko, Eduard"]
[Black "Sanduleac, Vasile"]
[Result "1/2-1/2"]
[WhiteElo "2458"]
[BlackElo "2451"]
[PlyCount "46"]
[EventDate "2010.??.??"]

1. d4 d5 2. c4 c6 3. cxd5 cxd5 4. Nc3 Nf6 5. Nf3 Nc6 6. Bf4 Bf5 7. e3 e6 8. Bd3
Bxd3 9. Qxd3 Bd6 10. Bxd6 Qxd6 11. O-O O-O 12. Rfc1 Rac8 13. Ne2 Ne4 14. Ng3
Nxg3 15. hxg3 h6 16. a3 Ne7 17. Nd2 Qd7 18. Nb3 Nf5 19. Rxc8 Rxc8 20. Rc1 Rxc1+
21. Nxc1 Nd6 22. Qc2 Qc8 23. Qxc8+ Nxc8 1/2-1/2

[Event "Creon MI"]
[Site "creon"]
[Date "2010.07.29"]
[Round "6"]
[White "Sanduleac, Vasile"]
[Black "Jaureguiberry, Cedric"]
[Result "1-0"]
[WhiteElo "2451"]
[BlackElo "2150"]
[PlyCount "59"]
[EventDate "2010.??.??"]

1. e4 d6 2. d4 Nf6 3. Nc3 g6 4. g3 Bg7 5. Bg2 O-O 6. Nge2 e5 7. O-O a6 8. h3
Nc6 9. d5 Ne7 10. Bg5 Nd7 11. Qd2 Qe8 12. Rae1 f6 13. Be3 f5 14. f4 fxe4 15.
Nxe4 Nf5 16. Bf2 Nf6 17. Nxf6+ Bxf6 18. Nc3 Bd7 19. fxe5 dxe5 20. d6 Nxd6 21.
Nd5 Bd8 22. b3 Bc6 23. c4 Kg7 24. Rxe5 Qd7 25. Ree1 Bxd5 26. Qxd5 Rf5 27. Qd3
Qf7 28. g4 Rf4 29. Bd4+ Kf8 30. Rxf4 1-0

[Event "Creon MI"]
[Site "creon"]
[Date "2010.07.29"]
[Round "6"]
[White "Jolly, Jean-Francois"]
[Black "Mohota, Nisha"]
[Result "1-0"]
[WhiteElo "2411"]
[BlackElo "2295"]
[PlyCount "119"]
[EventDate "2010.??.??"]

1. d4 d5 2. c4 e5 3. dxe5 d4 4. Nf3 Nc6 5. a3 Bg4 6. Nbd2 Qe7 7. h3 Bh5 8. g4
Bg6 9. Bg2 O-O-O 10. Qa4 a6 11. O-O h5 12. g5 Nxe5 13. Nxe5 Qxe5 14. Qb3 c6 15.
f4 Qc5 16. Kh1 Ne7 17. Ne4 Bxe4 18. Bxe4 Nf5 19. Kg2 h4 20. Bxf5+ Qxf5 21. Qd3
Qe6 22. f5 Qe8 23. b4 Bd6 24. e4 Qe5 25. Bf4 Qe7 26. Bd2 Rh5 27. Kh1 Bg3 28. b5
axb5 29. cxb5 c5 30. Rac1 Bc7 31. a4 f6 32. g6 Re8 33. a5 Kb8 34. b6 Bg3 35.
Rc2 Rhh8 36. Bc1 Qxe4+ 37. Qxe4 Rxe4 38. Rxc5 Rhe8 39. Kg2 Re2+ 40. Kf3 Rh2 41.
Kg4 Bd6 42. Bf4 Bxf4 43. Rxf4 Rg2+ 44. Kf3 Ree2 45. Rc7 d3 46. Rd4 Ref2+ 47.
Ke4 Re2+ 48. Kxd3 Rd2+ 49. Kc4 Rc2+ 50. Kd5 Rxc7 51. bxc7+ Kxc7 52. Ke6 Rg3 53.
Rxh4 Rd3 54. Rc4+ Kb8 55. Kf7 Rd7+ 56. Kf8 Ka7 57. h4 Ka6 58. Rc5 b6 59. axb6
Kxb6 60. Rc1 1-0

[Event "Creon MI"]
[Site "creon"]
[Date "2010.07.29"]
[Round "6"]
[White "Inkiov, Ventzislav"]
[Black "Lagarde, Maxime"]
[Result "1/2-1/2"]
[WhiteElo "2474"]
[BlackElo "2414"]
[PlyCount "84"]
[EventDate "2010.??.??"]

1. d4 Nf6 2. c4 g6 3. Nc3 d5 4. Nf3 Bg7 5. Bf4 O-O 6. e3 c5 7. dxc5 Ne4 8. Rc1
Nxc3 9. bxc3 dxc4 10. Qxd8 Rxd8 11. Bxc4 Nd7 12. Ng5 Rf8 13. Ne4 Ne5 14. Bxe5
Bxe5 15. Ke2 Bf5 16. Ng3 Bxg3 17. hxg3 Rac8 18. Bd5 Rxc5 19. e4 Be6 20. Bxe6
fxe6 21. Rhd1 Kf7 22. Rd7 Ra5 23. Rxb7 Rxa2+ 24. Ke3 e5 25. Rh1 Rc8 26. Kd3 h5
27. g4 Rxf2 28. gxh5 Rxg2 29. hxg6+ Rxg6 30. Rh3 Rgc6 31. Kc2 R8c7 32. Rxc7
Rxc7 33. Rh6 a5 34. Ra6 Rc5 35. Kb3 Ke8 36. Ra7 Kd8 37. c4 e6 38. Rb7 Kc8 39.
Ra7 Kd8 40. Rb7 Kc8 41. Re7 Rc6 42. Ra7 Rc5 1/2-1/2

[Event "Creon MI"]
[Site "Creon (FRA)"]
[Date "2010.07.30"]
[Round "7"]
[White "Lagarde, Maxime"]
[Black "Jolly, Jean-Francois"]
[Result "1-0"]
[WhiteElo "2414"]
[BlackElo "2411"]
[PlyCount "79"]
[EventDate "2010.??.??"]

1. e4 e6 2. d4 d5 3. Nc3 Bb4 4. e5 c5 5. a3 Bxc3+ 6. bxc3 Ne7 7. h4 Qc7 8. h5
h6 9. Rh4 b6 10. Rg4 Kf8 11. a4 Ba6 12. Bxa6 Nxa6 13. Ne2 Rc8 14. Qd3 Nb8 15.
Ba3 Nbc6 16. Rf4 Kg8 17. Qf3 Rf8 18. Rd1 Na5 19. Rd3 Nc4 20. Bc1 Qd7 21. Qg4
Rh7 22. Rdf3 Nc6 23. Rg3 N6xe5 24. dxe5 Nxe5 25. Qh3 Nc4 26. Rf6 Qxa4 27. Rxh6
Qxc2 28. Rxh7 Kxh7 29. h6 g6 30. Qh4 f6 31. Qf4 Ne5 32. Re3 g5 33. Qg3 Qf5 34.
f4 Nf7 35. fxg5 Nxg5 36. Qd6 Rf7 37. Qd8 Qg6 38. Rg3 Qh5 39. Bxg5 fxg5 40. Rxg5
1-0